000 07211nas1a22008291i 4500
001 RU\NLR\INFOCOMM16\1000023779
005 20260406192210.0
035 _a(NLR Aleph) 002763682
090 _a2255023
_c2255023
100 _a20040203b18791964|||y0rusy50 ca
101 0 _arus
102 _aRU
110 _azyu||||0|y0
200 1 _aЗаписки Западно-Сибирского отдела Государственного Русского географического общества
207 1 _aКн.1 - Т. 1 (40) (1964)
210 _aОмск
_d1879 - 1964
311 _aПродолжается как: Русское георгафическое общество (Санкт-Петербург). Омское региональное отделение. Записки Омского регионального отделения Всероссийской общественной организации "Русское географическое общество"
320 _aЗаписки отдела (Содержание кн. 1-35) (В изд.: ... 1912, кн.36, Вып.1 с. 1-4 послед. паг.)
430 0 _12001#$aЗаписки Западно-Сибирского отдела Императорского Русского географического общества
_171002$3RU\NLR\AUTH\889953921$aРусское географическое общество$bЗападно-Сибирский отдел
_tЗаписки Западно-Сибирского отдела Императорского Русского географического общества
_aРусское географическое общество. Западно-Сибирский отдел
440 0 _12001#$aЗаписки Омского регионального отделения Всероссийской общественной организации "Русское географическое общество"
_171002$3RU\NLR\AUTH\8810126368$aРусское георгафическое общество (Санкт-Петербург)$bОмское региональное отделение
_tЗаписки Омского регионального отделения Всероссийской общественной организации "Русское географическое общество"
_aРусское георгафическое общество (Санкт-Петербург). Омское региональное отделение
517 1 _aЗаписки Омского отдела Географического общества Союза ССР
710 0 2 _4070
_aГеографическое общество СССР
_cЛенинград
_bОмский отдел
_3RU\NLR\AUTH\889954638
_9405282
801 1 _aRU
_bInfoComm
_c20040203
801 0 _aRU
_bNLR
_gPSBO
852 _aNLR
_jП20/37
942 _cSE
980 _aRUSPER